000 00350nam a22001337a 4500
008 230919b |||||||| |||| 00| 0 eng d
020 _a0521573785
050 _aPL8110
_b.C51M34 2004
100 _aMchombo, Sam
245 _aThe Syntax of Chichewa
260 _aNew York
_bCambridge University Press
_c2004
300 _axv, 149p.
942 _2lcc
_cBK
999 _c20303
_d20302